[Event "Grand Swiss "]
[Date "2025.09.09"]
[White "Wagner, Dennis"]
[Black "Olisa, Tennyson Ewomazino"]
[WhiteElo "2608"]
[BlackElo "2287"]
[Round "6.6.58"]
[Result "1-0"]

1. d4 {[%clk 01:40:54] [%emt 00:00:05]} Nf6 {[%clk 01:40:49] [%emt 00:00:12]} 2.
c4 {[%clk 01:41:15] [%emt 00:00:09]} e6 {[%clk 01:40:42] [%emt 00:00:37]} 3. Nf3
{[%clk 01:41:29] [%emt 00:00:16]} Bb4+ {[%clk 01:38:56] [%emt 00:02:16]} 4. Nbd2
{[%clk 01:41:32] [%emt 00:00:27]} a5 {[%clk 01:39:19] [%emt 00:00:08]} 5. a3
{[%clk 01:41:21] [%emt 00:00:40]} Bxd2+ {[%clk 01:39:40] [%emt 00:00:09]} 6.
Bxd2 {[%clk 01:40:51] [%emt 00:00:59]} a4 {[%clk 01:40:00] [%emt 00:00:10]} 7.
Qc2 {[%clk 01:33:54] [%emt 00:07:27]} d5 {[%clk 01:35:44] [%emt 00:04:46]} 8. e3
{[%clk 01:20:09] [%emt 00:14:16]} O-O {[%clk 01:34:28] [%emt 00:01:44]} 9. Bd3
{[%clk 01:20:22] [%emt 00:00:18]} Nc6 {[%clk 01:34:50] [%emt 00:00:09]} 10. O-O
{[%clk 01:12:31] [%emt 00:08:21]} h6 {[%clk 01:29:38] [%emt 00:05:42]} 11. Rac1
{[%clk 01:10:57] [%emt 00:02:03]} Bd7 {[%clk 01:28:25] [%emt 00:01:44]} 12. Ne5
{[%clk 01:02:20] [%emt 00:09:07]} Nxe5 {[%clk 01:23:51] [%emt 00:05:04]} 13.
dxe5 {[%clk 01:02:45] [%emt 00:00:05]} Ne4 {[%clk 01:24:18] [%emt 00:00:03]} 14.
Bxe4 {[%clk 00:54:55] [%emt 00:08:21]} dxe4 {[%clk 01:24:46] [%emt 00:00:02]}
15. Bb4 {[%clk 00:55:17] [%emt 00:00:07]} Re8 {[%clk 01:24:54] [%emt 00:00:22]}
16. Rfd1 {[%clk 00:55:06] [%emt 00:00:42]} Qc8 {[%clk 01:24:40] [%emt 00:00:44]}
17. Qxe4 {[%clk 00:55:03] [%emt 00:00:33]} Bc6 {[%clk 01:25:08] [%emt 00:00:01]}
18. Qh4 {[%clk 00:51:45] [%emt 00:03:47]} Rd8 {[%clk 01:24:21] [%emt 00:01:18]}
19. h3 {[%clk 00:45:56] [%emt 00:06:19]} Rd7 {[%clk 01:24:36] [%emt 00:00:15]}
20. Qg4 {[%clk 00:43:20] [%emt 00:03:07]} Qe8 {[%clk 01:23:43] [%emt 00:01:23]}
21. Rxd7 {[%clk 00:43:43] [%emt 00:00:06]} Bxd7 {[%clk 01:24:09] [%emt
00:00:04]} 22. e4 {[%clk 00:38:59] [%emt 00:05:14]} Bc6 {[%clk 01:23:11] [%emt
00:01:27]} 23. Rc3 {[%clk 00:38:48] [%emt 00:00:41]} Kh7 {[%clk 01:11:24] [%emt
00:12:17]} 24. Rg3 {[%clk 00:38:54] [%emt 00:00:23]} Qg8 {[%clk 01:11:26] [%emt
00:00:28]} 25. Be7 {[%clk 00:38:42] [%emt 00:00:43]} Re8 {[%clk 01:10:25] [%emt
00:01:31]} 26. Qh4 {[%clk 00:38:34] [%emt 00:00:37]} Qh8 {[%clk 01:08:31] [%emt
00:02:25]} 27. Re3 {[%clk 00:27:38] [%emt 00:11:26]} Ra8 {[%clk 01:03:34] [%emt
00:05:27]} 28. Rg3 {[%clk 00:24:08] [%emt 00:04:00]} Re8 {[%clk 01:02:33] [%emt
00:01:31]} 29. Kh2 {[%clk 00:23:09] [%emt 00:01:29]} b6 {[%clk 01:00:40] [%emt
00:02:23]} 30. Re3 {[%clk 00:18:57] [%emt 00:04:41]} Ra8 {[%clk 01:00:34] [%emt
00:00:37]} 31. Rg3 {[%clk 00:08:30] [%emt 00:10:57]} Re8 {[%clk 01:00:17] [%emt
00:00:46]} 32. Kh1 {[%clk 00:08:24] [%emt 00:00:36]} Ra8 {[%clk 00:57:57] [%emt
00:02:50]} 33. Qf4 {[%clk 00:07:51] [%emt 00:01:03]} Qe8 {[%clk 00:54:59] [%emt
00:03:28]} 34. Bf6 {[%clk 00:07:49] [%emt 00:00:32]} g6 {[%clk 00:53:40] [%emt
00:01:48]} 35. Rd3 {[%clk 00:05:08] [%emt 00:03:11]} Qf8 {[%clk 00:53:22] [%emt
00:00:49]} 36. f3 {[%clk 00:04:57] [%emt 00:00:42]} Qc5 {[%clk 00:50:42] [%emt
00:03:09]} 37. Bd8 {[%clk 00:04:07] [%emt 00:01:21]} Kg7 {[%clk 00:44:51] [%emt
00:06:21]} 38. Bf6+ {[%clk 00:04:32] [%emt 00:00:05]} Kh7 {[%clk 00:45:11] [%emt
00:00:10]} 39. Bd8 {[%clk 00:04:59] [%emt 00:00:03]} Kg7 {[%clk 00:45:28] [%emt
00:00:13]} 40. Bxc7 {[%clk 00:02:58] [%emt 00:02:31]} Qxc4 {[%clk 00:44:12]
[%emt 00:01:47]} 41. Rd6 {[%clk 00:42:59] [%emt 00:10:29]} Bxe4 {[%clk 01:31:12]
[%emt 00:03:29]} 42. Qf6+ {[%clk 00:30:02] [%emt 00:13:26]} Kg8 {[%clk 01:31:10]
[%emt 00:00:32]} 43. Rd7 {[%clk 00:30:28] [%emt 00:00:05]} 1-0

[Site "Europe Echecs"]

[Event "Grand Swiss "]
[Date "2025.09.11"]
[White "Nihal Sarin"]
[Black "Maghsoodloo, Parham"]
[WhiteElo "2693"]
[BlackElo "2692"]
[Round "7.7.1"]
[Result "1-0"]

1. d4 {[%clk 01:40:09] [%emt 00:00:50]} d5 {[%clk 01:39:56] [%emt 00:01:05]} 2.
c4 {[%clk 01:40:13] [%emt 00:00:26]} c6 {[%clk 01:40:19] [%emt 00:00:07]} 3. Nc3
{[%clk 01:32:27] [%emt 00:08:16]} Nf6 {[%clk 01:39:37] [%emt 00:01:11]} 4. cxd5
{[%clk 01:31:14] [%emt 00:01:44]} cxd5 {[%clk 01:39:50] [%emt 00:00:16]} 5. Bf4
{[%clk 01:31:21] [%emt 00:00:23]} Nc6 {[%clk 01:39:13] [%emt 00:01:08]} 6. e3
{[%clk 01:29:57] [%emt 00:01:53]} Bf5 {[%clk 01:37:38] [%emt 00:02:04]} 7. Nf3
{[%clk 01:22:48] [%emt 00:07:40]} e6 {[%clk 01:35:31] [%emt 00:02:37]} 8. Qb3
{[%clk 01:17:31] [%emt 00:05:47]} Bb4 {[%clk 01:35:19] [%emt 00:00:42]} 9. Ne5
{[%clk 01:12:49] [%emt 00:05:12]} Qb6 {[%clk 01:14:28] [%emt 00:21:20]} 10. f3
{[%clk 01:11:32] [%emt 00:01:47]} O-O {[%clk 00:59:16] [%emt 00:15:41]} 11. Nxc6
{[%clk 01:01:15] [%emt 00:10:48]} bxc6 {[%clk 00:59:12] [%emt 00:00:34]} 12. Kf2
{[%clk 01:01:37] [%emt 00:00:08]} Nd7 {[%clk 00:43:57] [%emt 00:15:45]} 13. Na4
{[%clk 00:43:39] [%emt 00:18:28]} Qa5 {[%clk 00:44:02] [%emt 00:00:25]} 14. Bc7
{[%clk 00:40:22] [%emt 00:03:48]} Qxc7 {[%clk 00:44:25] [%emt 00:00:08]} 15.
Qxb4 {[%clk 00:40:48] [%emt 00:00:04]} e5 {[%clk 00:38:43] [%emt 00:06:10]} 16.
Rc1 {[%clk 00:40:15] [%emt 00:01:04]} Rfe8 {[%clk 00:37:42] [%emt 00:01:31]} 17.
Be2 {[%clk 00:38:57] [%emt 00:01:48]} Re6 {[%clk 00:31:53] [%emt 00:06:19]} 18.
dxe5 {[%clk 00:36:18] [%emt 00:03:10]} Rae8 {[%clk 00:19:56] [%emt 00:12:27]}
19. Qf4 {[%clk 00:23:24] [%emt 00:13:24]} Bg6 {[%clk 00:17:14] [%emt 00:03:12]}
20. Rhd1 {[%clk 00:17:21] [%emt 00:06:33]} Nxe5 {[%clk 00:17:10] [%emt
00:00:34]} 21. Nc5 {[%clk 00:17:28] [%emt 00:00:23]} R6e7 {[%clk 00:13:33] [%emt
00:04:07]} 22. Rc3 {[%clk 00:15:50] [%emt 00:02:09]} h5 {[%clk 00:13:29] [%emt
00:00:33]} 23. Rd4 {[%clk 00:15:42] [%emt 00:00:39]} a5 {[%clk 00:11:17] [%emt
00:02:42]} 24. a4 {[%clk 00:14:32] [%emt 00:01:40]} Qa7 {[%clk 00:11:14] [%emt
00:00:33]} 25. h3 {[%clk 00:11:26] [%emt 00:03:36]} Qb6 {[%clk 00:08:05] [%emt
00:03:38]} 26. Rd2 {[%clk 00:09:30] [%emt 00:02:26]} Qa7 {[%clk 00:05:51] [%emt
00:02:45]} 27. Qd4 {[%clk 00:06:43] [%emt 00:03:18]} Rb8 {[%clk 00:05:53] [%emt
00:00:28]} 28. Ne6 {[%clk 00:04:30] [%emt 00:02:42]} Qb7 {[%clk 00:04:21] [%emt
00:02:02]} 29. Nf4 {[%clk 00:04:46] [%emt 00:00:14]} Rbe8 {[%clk 00:02:07] [%emt
00:02:44]} 30. b3 {[%clk 00:02:08] [%emt 00:03:08]} h4 {[%clk 00:01:55] [%emt
00:00:42]} 31. Qc5 {[%clk 00:01:02] [%emt 00:01:37]} Qb8 {[%clk 00:00:51] [%emt
00:01:34]} 32. Qxa5 {[%clk 00:01:04] [%emt 00:00:28]} Nd7 {[%clk 00:00:49] [%emt
00:00:32]} 33. Rxc6 {[%clk 00:00:33] [%emt 00:01:02]} Rxe3 {[%clk 00:00:31]
[%emt 00:00:47]} 34. Nxg6 {[%clk 00:00:57] [%emt 00:00:06]} Qg3+ {[%clk
00:00:34] [%emt 00:00:27]} 35. Kf1 {[%clk 00:01:22] [%emt 00:00:04]} Nf6 {[%clk
00:00:53] [%emt 00:00:11]} 36. Rxf6 {[%clk 00:00:33] [%emt 00:01:20]} gxf6
{[%clk 00:00:55] [%emt 00:00:28]} 37. Nxh4 {[%clk 00:00:59] [%emt 00:00:04]}
Rxb3 {[%clk 00:00:39] [%emt 00:00:47]} 38. Nf5 {[%clk 00:00:34] [%emt 00:00:55]}
Qf4 {[%clk 00:00:31] [%emt 00:00:37]} 39. Qxd5 {[%clk 00:00:55] [%emt 00:00:10]}
Rb1+ {[%clk 00:00:56] [%emt 00:00:05]} 40. Kf2 {[%clk 00:00:47] [%emt 00:00:37]}
Re5 {[%clk 00:00:38] [%emt 00:00:48]} 41. Qd8+ {[%clk 00:01:00] [%emt 00:00:17]}
Kh7 {[%clk 00:01:01] [%emt 00:00:07]} 42. Qxf6 {[%clk 00:49:57] [%emt 00:01:33]}
1-0

[Site "Europe Echecs"]

[Event "Grand Swiss "]
[Date "2025.09.11"]
[White "Giri, Anish"]
[Black "Mishra, Abhimanyu"]
[WhiteElo "2746"]
[BlackElo "2611"]
[Round "7.7.3"]
[Result "1/2-1/2"]

1. c4 {[%clk 01:40:57] [%emt 00:00:03]} g6 {[%clk 01:40:56] [%emt 00:00:05]} 2.
Nf3 {[%clk 01:38:51] [%emt 00:02:35]} Nf6 {[%clk 01:41:11] [%emt 00:00:15]} 3.
d4 {[%clk 01:37:43] [%emt 00:01:38]} Bg7 {[%clk 01:41:30] [%emt 00:00:11]} 4. g3
{[%clk 01:38:08] [%emt 00:00:04]} c6 {[%clk 01:40:11] [%emt 00:01:50]} 5. Nc3
{[%clk 01:37:43] [%emt 00:00:54]} d5 {[%clk 01:40:12] [%emt 00:00:29]} 6. Qb3
{[%clk 01:38:09] [%emt 00:00:04]} O-O {[%clk 01:38:28] [%emt 00:02:14]} 7. Bg2
{[%clk 01:38:34] [%emt 00:00:05]} Qb6 {[%clk 01:31:29] [%emt 00:07:29]} 8. O-O
{[%clk 01:38:46] [%emt 00:00:17]} Rd8 {[%clk 01:31:37] [%emt 00:00:22]} 9. Bd2
{[%clk 01:38:49] [%emt 00:00:26]} Qxb3 {[%clk 01:15:48] [%emt 00:16:20]} 10.
axb3 {[%clk 01:39:09] [%emt 00:00:08]} Na6 {[%clk 01:15:07] [%emt 00:01:13]} 11.
Rfc1 {[%clk 01:27:27] [%emt 00:12:12]} Be6 {[%clk 01:08:30] [%emt 00:07:07]} 12.
e3 {[%clk 01:10:12] [%emt 00:17:44]} Nc7 {[%clk 01:02:29] [%emt 00:06:31]} 13.
Na4 {[%clk 01:02:12] [%emt 00:08:30]} Ne4 {[%clk 00:51:00] [%emt 00:11:59]} 14.
Bb4 {[%clk 00:54:21] [%emt 00:08:21]} Kf8 {[%clk 00:44:35] [%emt 00:06:55]} 15.
Nd2 {[%clk 00:47:25] [%emt 00:07:25]} Nxd2 {[%clk 00:41:25] [%emt 00:03:40]} 16.
Bxd2 {[%clk 00:47:52] [%emt 00:00:03]} Na6 {[%clk 00:40:35] [%emt 00:01:21]} 17.
Ba5 {[%clk 00:38:28] [%emt 00:09:53]} Rd7 {[%clk 00:26:10] [%emt 00:14:56]} 18.
cxd5 {[%clk 00:24:10] [%emt 00:14:47]} Bxd5 {[%clk 00:26:17] [%emt 00:00:23]}
19. Bf1 {[%clk 00:24:28] [%emt 00:00:11]} Bxb3 {[%clk 00:23:12] [%emt 00:03:35]}
20. Bxa6 {[%clk 00:24:29] [%emt 00:00:29]} Bxa4 {[%clk 00:23:38] [%emt
00:00:05]} 21. Rxa4 {[%clk 00:24:33] [%emt 00:00:26]} bxa6 {[%clk 00:24:07]
[%emt 00:00:02]} 22. Bb4 {[%clk 00:19:22] [%emt 00:05:40]} Kg8 {[%clk 00:19:24]
[%emt 00:05:13]} 23. f4 {[%clk 00:08:44] [%emt 00:11:07]} Rb8 {[%clk 00:17:56]
[%emt 00:01:58]} 24. Ba3 {[%clk 00:08:55] [%emt 00:00:20]} Rb6 {[%clk 00:13:17]
[%emt 00:05:09]} 25. Rc2 {[%clk 00:09:16] [%emt 00:00:08]} Bf8 {[%clk 00:09:07]
[%emt 00:04:40]} 26. Bc5 {[%clk 00:06:37] [%emt 00:03:09]} Rb3 {[%clk 00:05:30]
[%emt 00:04:08]} 27. Rxa6 {[%clk 00:06:59] [%emt 00:00:08]} e5 {[%clk 00:04:27]
[%emt 00:01:33]} 28. Rxc6 {[%clk 00:01:50] [%emt 00:05:39]} Bxc5 {[%clk
00:04:45] [%emt 00:00:12]} 29. dxc5 {[%clk 00:02:19]} Rd1+ {[%clk 00:04:29]
[%emt 00:00:46]} 30. Kf2 {[%clk 00:02:43] [%emt 00:00:06]} exf4 {[%clk 00:02:41]
[%emt 00:02:18]} 31. exf4 {[%clk 00:01:29] [%emt 00:01:43]} Rh1 {[%clk 00:02:48]
[%emt 00:00:23]} 32. Kg2 {[%clk 00:01:09] [%emt 00:00:51]} Rb1 {[%clk 00:03:16]
[%emt 00:00:02]} 33. Ra6 {[%clk 00:01:05] [%emt 00:00:34]} R1xb2 {[%clk
00:03:12] [%emt 00:00:34]} 34. Rxb2 {[%clk 00:01:07] [%emt 00:00:27]} Rxb2+
{[%clk 00:03:41] [%emt 00:00:01]} 35. Kf3 {[%clk 00:01:15] [%emt 00:00:22]} Rc2
{[%clk 00:01:55] [%emt 00:02:16]} 36. c6 {[%clk 00:00:43] [%emt 00:01:01]} Kf8
{[%clk 00:01:33] [%emt 00:00:52]} 37. Ke4 {[%clk 00:01:09] [%emt 00:00:04]} Ke7
{[%clk 00:01:49] [%emt 00:00:14]} 38. Rxa7+ {[%clk 00:00:43] [%emt 00:00:56]}
Ke6 {[%clk 00:02:12] [%emt 00:00:08]} 39. c7 {[%clk 00:00:49] [%emt 00:00:23]}
h5 {[%clk 00:01:04] [%emt 00:01:38]} 40. Kd3 {[%clk 00:00:41] [%emt 00:00:39]}
Rc1 {[%clk 00:01:18] [%emt 00:00:15]} 41. Kd4 {[%clk 00:46:24] [%emt 00:04:47]}
Rc2 {[%clk 00:45:59] [%emt 00:05:48]} 42. h3 {[%clk 00:43:02] [%emt 00:03:52]}
f5 {[%clk 00:37:54] [%emt 00:08:35]} 43. Rb7 {[%clk 00:43:27] [%emt 00:00:06]}
Rc1 {[%clk 00:38:13] [%emt 00:00:12]} 44. Kd3 {[%clk 00:43:54] [%emt 00:00:02]}
Rc5 {[%clk 00:37:22] [%emt 00:01:21]} 45. Ra7 {[%clk 00:44:21] [%emt 00:00:04]}
Rc1 {[%clk 00:37:23] [%emt 00:00:28]} 46. Kd4 {[%clk 00:44:49] [%emt 00:00:02]}
Rc2 {[%clk 00:37:30] [%emt 00:00:23]} 47. Ra6+ {[%clk 00:45:17] [%emt 00:00:03]}
Kf7 {[%clk 00:37:51] [%emt 00:00:08]} 48. Ra7 {[%clk 00:45:46] [%emt 00:00:02]}
Ke6 {[%clk 00:38:14] [%emt 00:00:07]} 49. Ra6+ {[%clk 00:46:14] [%emt 00:00:02]}
Kf7 {[%clk 00:38:39] [%emt 00:00:05]} 1/2-1/2

[Site "Europe Echecs"]

[Event "Grand Swiss "]
[Date "2025.09.11"]
[White "Firouzja, Alireza"]
[Black "Yakubboev, Nodirbek"]
[WhiteElo "2754"]
[BlackElo "2681"]
[Round "7.7.4"]
[Result "1-0"]

1. e4 {[%clk 01:40:58] [%emt 00:00:02]} e5 {[%clk 01:40:55] [%emt 00:00:06]} 2.
Nf3 {[%clk 01:41:22] [%emt 00:00:05]} Nc6 {[%clk 01:41:22] [%emt 00:00:03]} 3.
Bc4 {[%clk 01:41:46] [%emt 00:00:06]} Nf6 {[%clk 01:41:47] [%emt 00:00:04]} 4.
Ng5 {[%clk 01:42:09] [%emt 00:00:07]} d5 {[%clk 01:42:14] [%emt 00:00:04]} 5.
exd5 {[%clk 01:42:32] [%emt 00:00:07]} Na5 {[%clk 01:42:38] [%emt 00:00:06]} 6.
Bb5+ {[%clk 01:42:55] [%emt 00:00:07]} c6 {[%clk 01:43:04] [%emt 00:00:04]} 7.
dxc6 {[%clk 01:43:19] [%emt 00:00:07]} bxc6 {[%clk 01:43:31] [%emt 00:00:03]} 8.
Qf3 {[%clk 01:43:40] [%emt 00:00:08]} cxb5 {[%clk 01:36:01] [%emt 00:08:01]} 9.
Qxa8 {[%clk 01:43:51] [%emt 00:00:18]} Qc7 {[%clk 01:36:30] [%emt 00:00:02]} 10.
Qf3 {[%clk 01:43:28] [%emt 00:00:53]} Nc6 {[%clk 01:36:59] [%emt 00:00:02]} 11.
c3 {[%clk 01:43:17] [%emt 00:00:40]} Bg4 {[%clk 01:37:20] [%emt 00:00:08]} 12.
Qg3 {[%clk 01:43:24] [%emt 00:00:24]} Nd4 {[%clk 01:35:38] [%emt 00:02:13]} 13.
Na3 {[%clk 01:43:37] [%emt 00:00:17]} Ne2 {[%clk 01:34:50] [%emt 00:01:18]} 14.
Qe3 {[%clk 01:36:31] [%emt 00:07:35]} Bxa3 {[%clk 01:19:19] [%emt 00:16:01]} 15.
bxa3 {[%clk 01:35:18] [%emt 00:01:43]} Nf4 {[%clk 01:19:44] [%emt 00:00:04]} 16.
O-O {[%clk 01:34:43] [%emt 00:01:04]} N6d5 {[%clk 01:19:46] [%emt 00:00:28]} 17.
Qe4 {[%clk 01:34:30] [%emt 00:00:43]} f5 {[%clk 01:18:38] [%emt 00:01:38]} 18.
Qb1 {[%clk 01:29:58] [%emt 00:05:03]} h6 {[%clk 01:00:19] [%emt 00:18:49]} 19.
Ne6 {[%clk 01:11:05] [%emt 00:19:23]} Nxe6 {[%clk 00:57:53] [%emt 00:02:56]} 20.
Qxb5+ {[%clk 01:11:23] [%emt 00:00:12]} Ke7 {[%clk 00:52:42] [%emt 00:05:40]}
21. Qxd5 {[%clk 01:10:22] [%emt 00:01:32]} Nf4 {[%clk 00:52:26] [%emt 00:00:46]}
22. Qb3 {[%clk 00:59:13] [%emt 00:11:39]} Rb8 {[%clk 00:47:15] [%emt 00:05:38]}
23. Qc2 {[%clk 00:49:38] [%emt 00:10:07]} Bf3 {[%clk 00:26:46] [%emt 00:21:00]}
24. d4 {[%clk 00:39:38] [%emt 00:10:29]} Ne2+ {[%clk 00:20:15] [%emt 00:07:01]}
25. Kh1 {[%clk 00:39:32] [%emt 00:00:36]} Qc6 {[%clk 00:16:51] [%emt 00:03:54]}
26. Rg1 {[%clk 00:39:41] [%emt 00:00:21]} Rf8 {[%clk 00:14:31] [%emt 00:02:50]}
27. a4 {[%clk 00:23:47] [%emt 00:16:25]} Rf6 {[%clk 00:13:12] [%emt 00:01:49]}
28. Ba3+ {[%clk 00:17:51] [%emt 00:06:26]} Ke8 {[%clk 00:09:46] [%emt 00:03:56]}
29. d5 {[%clk 00:16:22] [%emt 00:01:59]} Qxd5 {[%clk 00:08:48] [%emt 00:01:28]}
30. Rad1 {[%clk 00:16:34] [%emt 00:00:17]} Qc6 {[%clk 00:05:51] [%emt 00:03:28]}
31. Qb3 {[%clk 00:16:29] [%emt 00:00:35]} 1-0

[Site "Europe Echecs"]

[Event "Grand Swiss "]
[Date "2025.09.11"]
[White "Abdusattorov, Nodirbek"]
[Black "Tabatabaei, M. Amin"]
[WhiteElo "2748"]
[BlackElo "2673"]
[Round "7.7.6"]
[Result "1-0"]

1. e4 {[%clk 01:40:42] [%emt 00:00:17]} e5 {[%clk 01:40:49] [%emt 00:00:11]} 2.
Nf3 {[%clk 01:41:00] [%emt 00:00:12]} Nc6 {[%clk 01:41:13] [%emt 00:00:07]} 3.
Bc4 {[%clk 01:41:09] [%emt 00:00:20]} Nf6 {[%clk 01:41:35] [%emt 00:00:08]} 4.
d3 {[%clk 01:41:22] [%emt 00:00:16]} Be7 {[%clk 01:41:44] [%emt 00:00:21]} 5.
O-O {[%clk 01:41:45] [%emt 00:00:08]} O-O {[%clk 01:42:08] [%emt 00:00:07]} 6.
a4 {[%clk 01:42:10] [%emt 00:00:05]} d5 {[%clk 01:40:15] [%emt 00:02:22]} 7.
exd5 {[%clk 01:42:31] [%emt 00:00:09]} Nxd5 {[%clk 01:40:41] [%emt 00:00:05]} 8.
a5 {[%clk 01:42:39] [%emt 00:00:22]} Kh8 {[%clk 01:37:19] [%emt 00:03:52]} 9.
Re1 {[%clk 01:40:31] [%emt 00:02:38]} f6 {[%clk 01:31:37] [%emt 00:06:13]} 10.
c3 {[%clk 01:30:35] [%emt 00:10:26]} Be6 {[%clk 00:48:18] [%emt 00:43:49]} 11.
a6 {[%clk 01:28:01] [%emt 00:03:04]} Rb8 {[%clk 00:37:37] [%emt 00:11:11]} 12.
axb7 {[%clk 01:05:30] [%emt 00:23:01]} Rxb7 {[%clk 00:37:52] [%emt 00:00:15]}
13. Nbd2 {[%clk 01:05:35] [%emt 00:00:25]} Qd7 {[%clk 00:37:46] [%emt 00:00:36]}
14. Ne4 {[%clk 01:02:09] [%emt 00:03:55]} a5 {[%clk 00:35:56] [%emt 00:02:21]}
15. d4 {[%clk 01:00:14] [%emt 00:02:24]} exd4 {[%clk 00:35:09] [%emt 00:01:16]}
16. Nxd4 {[%clk 00:59:43] [%emt 00:01:02]} Nxd4 {[%clk 00:29:59] [%emt
00:05:41]} 17. Qxd4 {[%clk 00:59:39] [%emt 00:00:33]} Nb6 {[%clk 00:27:08] [%emt
00:03:20]} 18. Ba6 {[%clk 00:54:15] [%emt 00:05:56]} Qxd4 {[%clk 00:16:53] [%emt
00:10:45]} 19. cxd4 {[%clk 00:54:39] [%emt 00:00:05]} Bb4 {[%clk 00:17:09] [%emt
00:00:14]} 20. Bxb7 {[%clk 00:46:02] [%emt 00:09:08]} Bxe1 {[%clk 00:17:32]
[%emt 00:00:06]} 21. Bf4 {[%clk 00:46:02] [%emt 00:00:29]} Bb4 {[%clk 00:12:58]
[%emt 00:05:04]} 22. Nc5 {[%clk 00:39:52] [%emt 00:06:40]} Bg8 {[%clk 00:10:56]
[%emt 00:02:32]} 23. Bxc7 {[%clk 00:38:05] [%emt 00:02:18]} Nc4 {[%clk 00:11:19]
[%emt 00:00:06]} 24. Na6 {[%clk 00:33:16] [%emt 00:05:19]} Nxb2 {[%clk 00:10:15]
[%emt 00:01:35]} 25. d5 {[%clk 00:32:56] [%emt 00:00:50]} Nc4 {[%clk 00:08:40]
[%emt 00:02:04]} 26. Rc1 {[%clk 00:23:41] [%emt 00:09:46]} Ne5 {[%clk 00:08:18]
[%emt 00:00:53]} 27. Rd1 {[%clk 00:16:27] [%emt 00:07:44]} Bc3 {[%clk 00:06:11]
[%emt 00:02:37]} 28. f4 {[%clk 00:16:11] [%emt 00:00:45]} Nc4 {[%clk 00:04:33]
[%emt 00:02:07]} 29. Rd3 {[%clk 00:15:15] [%emt 00:01:28]} Bd2 {[%clk 00:04:05]
[%emt 00:00:57]} 30. Bc6 {[%clk 00:13:34] [%emt 00:02:12]} Be3+ {[%clk 00:03:15]
[%emt 00:01:20]} 31. Kh1 {[%clk 00:12:06] [%emt 00:01:58]} Bb6 {[%clk 00:01:41]
[%emt 00:02:04]} 32. d6 {[%clk 00:12:02] [%emt 00:00:34]} Bf7 {[%clk 00:01:27]
[%emt 00:00:44]} 33. h3 {[%clk 00:11:03] [%emt 00:01:29]} h5 {[%clk 00:01:08]
[%emt 00:00:49]} 34. Rb3 {[%clk 00:07:47] [%emt 00:03:46]} Bxc7 {[%clk 00:01:07]
[%emt 00:00:32]} 35. dxc7 {[%clk 00:08:15] [%emt 00:00:02]} Be6 {[%clk 00:00:55]
[%emt 00:00:42]} 36. Bd5 {[%clk 00:07:49] [%emt 00:00:56]} Bxd5 {[%clk 00:01:03]
[%emt 00:00:22]} 37. Rb8 {[%clk 00:08:18] [%emt 00:00:01]} Kg8 {[%clk 00:01:00]
[%emt 00:00:32]} 38. Rxf8+ {[%clk 00:08:46] [%emt 00:00:02]} 1-0

[Site "Europe Echecs"]